Stabilisation, Disinfection and Odour Control in Sewage Sludge Treatment (Record no. 2009)

000 -LEADER
fixed length control field 00316nam a2200109Ia 4500
008 - FIXED-LENGTH DATA ELEMENTS--GENERAL INFORMATION
fixed length control field 200302s9999 xx 000 0 und d
100 ## - MAIN ENTRY--PERSONAL NAME
Personal name E. S. Connor & Others
245 ## - TITLE STATEMENT
Title Stabilisation, Disinfection and Odour Control in Sewage Sludge Treatment
260 ## - PUBLICATION, DISTRIBUTION, ETC.
Name of publisher, distributor, etc. Water Research Centre
260 ## - PUBLICATION, DISTRIBUTION, ETC.
Date of publication, distribution, etc. 1984
300 ## - PHYSICAL DESCRIPTION
Extent 292 P.,
Holdings
Withdrawn status Lost status Source of classification or shelving scheme Damaged status Not for loan Permanent Location Current Location Date acquired Cost, normal purchase price Full call number Barcode Date last seen Price effective from Koha item type Public note
          BMS College of Architecture, Design and Planning BMS College of Architecture, Design and Planning 2020-03-03 200.00 016.62385 CL-UG43608 2020-03-03 2020-03-03 UG Books from CL S-03
Copyright © 2025, The Librarian, Library and Information Centre, BMSCA D&P, Bengaluru. All Rights Reserved
web counter

Powered by Koha